Woody Allen Filmography - Statistics

General Stats
  • This quiz has been taken 241 times
    46 since last reset
  • The average score is 90 of 210
Answer Stats
Type Year Name % Correct
Film Director 1977 Annie Hall
100%
Film Screenplay 1977 Annie Hall
100%
Film Acting Role 1977 Annie Hall
100%
Film Director 1979 Manhattan
97%
Film Screenplay 1979 Manhattan
97%
Film Acting Role 1979 Manhattan
97%
Film Director 2011 Midnight in Paris
97%
Film Screenplay 2011 Midnight in Paris
97%
Film Director 1986 Hannah and Her Sisters
90%
Film Screenplay 1986 Hannah and Her Sisters
90%
Film Acting Role 1986 Hannah and Her Sisters
90%
Film Director 2005 Match Point
87%
Film Screenplay 2005 Match Point
87%
Film Director 2008 Vicky Cristina Barcelona
85%
Film Screenplay 2008 Vicky Cristina Barcelona
85%
Film Director 1971 Bananas
82%
Film Screenplay 1971 Bananas
82%
Film Acting Role 1971 Bananas
82%
Film Director 1985 The Purple Rose of Cairo
79%
Film Screenplay 1985 The Purple Rose of Cairo
79%
Film Director 1989 Crimes and Misdemeanors
74%
Film Screenplay 1989 Crimes and Misdemeanors
74%
Film Acting Role 1989 Crimes and Misdemeanors
74%
Film Director 1973 Sleeper
74%
Film Screenplay 1973 Sleeper
74%
Film Acting Role 1973 Sleeper
74%
Film Director 2013 Blue Jasmine
72%
Film Screenplay 2013 Blue Jasmine
72%
Film Director 1978 Interiors
69%
Film Screenplay 1978 Interiors
69%
Film Director 1993 Manhattan Murder Mystery
69%
Film Screenplay 1993 Manhattan Murder Mystery
69%
Film Acting Role 1993 Manhattan Murder Mystery
69%
Film Director 1987 Radio Days
69%
Film Screenplay 1987 Radio Days
69%
Film Acting Role 1987 Radio Days
69%
Film Director 1994 Bullets over Broadway
67%
Film Screenplay 1994 Bullets over Broadway
67%
Theater 2014 Bullets Over Broadway
67%
Film Director 1975 Love and Death
67%
Film Screenplay 1975 Love and Death
67%
Film Acting Role 1975 Love and Death
67%
Film Director 1983 Zelig
67%
Film Screenplay 1983 Zelig
67%
Film Acting Role 1983 Zelig
67%
Film Director 1992 Husbands and Wives
64%
Film Screenplay 1992 Husbands and Wives
64%
Film Acting Role 1992 Husbands and Wives
64%
Film Director 1980 Stardust Memories
64%
Film Screenplay 1980 Stardust Memories
64%
Film Acting Role 1980 Stardust Memories
64%
Film Director 1984 Broadway Danny Rose
62%
Film Screenplay 1984 Broadway Danny Rose
62%
Film Acting Role 1984 Broadway Danny Rose
62%
Film Director 2006 Scoop
62%
Film Screenplay 2006 Scoop
62%
Film Acting Role 2006 Scoop
62%
Film Director 1997 Deconstructing Harry
59%
Film Screenplay 1997 Deconstructing Harry
59%
Film Acting Role 1997 Deconstructing Harry
59%
Film Director 1995 Mighty Aphrodite
59%
Film Screenplay 1995 Mighty Aphrodite
59%
Film Acting Role 1995 Mighty Aphrodite
59%
Film Director 2019 A Rainy Day in New York
56%
Film Screenplay 2019 A Rainy Day in New York
56%
Film Director 1998 Celebrity
56%
Film Screenplay 1998 Celebrity
56%
Theater 1969-1970, 1970-1971 Play It Again, Sam
56%
Film Screenplay 1972 Play It Again, Sam
56%
Film Acting Role 1972 Play It Again, Sam
56%
Documentary Appearance 2024 Un día en Nueva York con Woody Allen
56%
Film Director 2016 Café Society
54%
Film Screenplay 2016 Café Society
54%
Film Acting Role 2016 Café Society
54%
Film Director 1972 Everything You Always Wanted to Know About Sex* (*But Were Afraid to Ask)
54%
Film Screenplay 1972 Everything You Always Wanted to Know About Sex* (*But Were Afraid to Ask)
54%
Film Acting Role 1972 Everything You Always Wanted to Know About Sex* (*But Were Afraid to Ask)
54%
Film Director 1969 Take the Money and Run
54%
Film Screenplay 1969 Take the Money and Run
54%
Film Acting Role 1969 Take the Money and Run
54%
Film Director 2012 To Rome with Love
54%
Film Screenplay 2012 To Rome with Love
54%
Film Acting Role 2012 To Rome with Love
54%
Film Director 2017 Wonder Wheel
54%
Film Screenplay 2017 Wonder Wheel
54%
Film Acting Role 1967 Casino Royale
51%
Film Director 1999 Sweet and Lowdown
51%
Film Screenplay 1999 Sweet and Lowdown
51%
Film Cameo 1999 Sweet and Lowdown
51%
Film Director 2001 The Curse of the Jade Scorpion
51%
Film Screenplay 2001 The Curse of the Jade Scorpion
51%
Film Acting Role 2001 The Curse of the Jade Scorpion
51%
Film Director 2010 You Will Meet a Tall Dark Stranger
51%
Film Screenplay 2010 You Will Meet a Tall Dark Stranger
51%
Film Director 1982 A Midsummer Night's Sex Comedy
49%
Film Screenplay 1982 A Midsummer Night's Sex Comedy
49%
Film Acting Role 1982 A Midsummer Night's Sex Comedy
49%
Film Director 1996 Everyone Says I Love You
49%
Film Screenplay 1996 Everyone Says I Love You
49%
Film Acting Role 1996 Everyone Says I Love You
49%
Film Director 2015 Irrational Man
49%
Film Screenplay 2015 Irrational Man
49%
Film Director 1989 New York Stories
49%
Film Screenplay 1989 New York Stories
49%
Film Acting Role 1989 New York Stories
49%
Film Director 2009 Whatever Works
49%
Film Screenplay 2009 Whatever Works
49%
Film Director 1966 What's Up, Tiger Lily?
49%
Film Screenplay 1966 What's Up, Tiger Lily?
49%
Film Acting Role 1966 What's Up, Tiger Lily?
49%
Film Director 1990 Alice
46%
Film Screenplay 1990 Alice
46%
Film Director 2014 Magic in the Moonlight
46%
Film Screenplay 2014 Magic in the Moonlight
46%
Film Director 1991 Shadows and Fog
46%
Film Screenplay 1991 Shadows and Fog
46%
Film Acting Role 1991 Shadows and Fog
46%
Film Screenplay 1965 What's New Pussycat?
46%
Film Acting Role 1965 What's New Pussycat?
46%
Film Director 1988 Another Woman
44%
Film Screenplay 1988 Another Woman
44%
Film Director 2003 Anything Else
44%
Film Screenplay 2003 Anything Else
44%
Film Acting Role 2003 Anything Else
44%
Film Director 2007 Cassandra's Dream
44%
Film Screenplay 2007 Cassandra's Dream
44%
Film Director 2020 Rifkin's Festival
41%
Film Screenplay 2020 Rifkin's Festival
41%
Film Acting Role 2020 Rifkin's Festival
41%
Film Acting Role 1998 Antz
38%
Film Director 2023 Coup de Chance
38%
Film Screenplay 2023 Coup de Chance
38%
Film Director 2004 Melinda and Melinda
38%
Film Screenplay 2004 Melinda and Melinda
38%
Film Director 2000 Small Time Crooks
38%
Film Screenplay 2000 Small Time Crooks
38%
Film Acting Role 2000 Small Time Crooks
38%
Film Director 1987 September
33%
Film Screenplay 1987 September
33%
Theater 1966-1968 Don't Drink the Water
31%
Film Story 1969 Don't Drink the Water
31%
TV Film Director 1994 Don't Drink the Water
31%
TV Film Screenplay 1994 Don't Drink the Water
31%
TV Film Acting Role 1994 Don't Drink the Water
31%
Film Acting Role 1976 The Front
28%
Film Director 2002 Hollywood Ending
26%
Film Screenplay 2002 Hollywood Ending
26%
Film Acting Role 2002 Hollywood Ending
26%
Guest Host 1964, 1967 The Tonight Show Starring Johnny Carson
23%
Film Acting Role 2013 Fading Gigolo
21%
Film Acting Role 1991 Scenes from a Mall
21%
TV Mini-Series Director 2016 Crisis in Six Scenes
18%
TV Mini-Series Writer 2016 Crisis in Six Scenes
18%
TV Mini-Series Acting Role 2016 Crisis in Six Scenes
18%
Film Acting Role 2000 Picking Up the Pieces
13%
TV Show Writer 1963 The Sid Caesar Show
13%
TV Show Writer 1960 Candid Camera
10%
Documentary Series Host 1970-1971 Hot Dog
10%
Film Acting Role 1987 King Lear
10%
TV Show Writer 1950-1955 The Colgate Comedy Hour
10%
Film Cameo 1998 The Impostors
10%
TV Film Acting Role 1996 The Sunshine Boys
10%
TV Special Writer 1969 The Woody Allen Special
10%
TV Special Acting Role 1969 The Woody Allen Special
10%
Film Acting Role 1997 Wild Man Blues
10%
TV Documentary Appearance 2002 Woody Allen: A Life in Film
10%
TV Documentary Appearance 2018 Always at the Carlyle
8%
TV Show Writer 1956 Caesar's Hour
8%
TV Documentary Appearance 2013 David Blaine: Real or Magic
8%
Theater 1975 Death
8%
TV Special Writer 1966 Gene Kelly in New York, New York
8%
TV Special Acting Role 1966 Gene Kelly in New York, New York
8%
TV Show Writer 1960 General Electric Theater
8%
TV Show Acting Role 1997 Just Shoot Me!
8%
Short Film Director 1971 Men of Crisis: The Harvey Wallinger Story
8%
Short Film Writer 1971 Men of Crisis: The Harvey Wallinger Story
8%
Short Film Acting Role 1971 Men of Crisis: The Harvey Wallinger Story
8%
Film Cameo 2012 Paris Manhattan
8%
TV Short Director 2001 Sounds from a Town I Love
8%
TV Short Writer 2001 Sounds from a Town I Love
8%
TV Show Writer 1956 Stanley
8%
Documentary Appearance 2001 Stanley Kubrick: A Life in Pictures
8%
TV Documentary Appearance 2002 The Magic of Fellini
8%
TV Documentary Appearance 2019 Very Ralph
8%
Theater 1975 God
5%
Short Film Acting Role 1986 Meetin' WA
5%
Short Film Acting Role 2025 Mr. Fischer's Chair
5%
TV Special Acting Role 2003 100 Years of Hope and Humor
3%
Documentary Series Appearance 2012, 2018 American Masters
3%
Film Cameo 2000 Company Man
3%
TV Show Writer 1967 Kraft Music Hall
3%
Documentary Appearance 2005 The Outsider
3%
Documentary Appearance 1986 50 Years of Action!
0%
TV Documentary Appearance 1998 AFI's 100 Years... 100 Movies: In Search of
0%
Theater 2004-2005 A Second Hand Memory
0%
Theater 1995 Central Park West
0%
Documentary Appearance 2003 Charlie: The Life and Art of Charles Chaplin
0%
Theater 1995-1996 Death Defying Acts
0%
TV Documentary Appearance 2004 François Truffaut, une autobiographie
0%
Theater 1960 From A to Z
0%
Documentary Appearance 2006 Home
0%
Documentary Appearance 2000 Light Keeps Me Company
0%
Theater 2003 Old Saybrook
0%
Theater 2011-2012 Relatively Speaking
0%
Theater 2003 Riverside Drive
0%
Documentary Appearance 2005 The Ballad of Greenwich Village
0%
Theater 1981 The Floating Light Bulb
0%
TV Show Writer 1961 The Gary Moore Show
0%
Documentary Appearance 1980 To Woody Allen from Europe with Love
0%
Theater 2003 Writer's Block
0%
No matching quizzes found
Score Distribution
Percent of People with Each Score
Percentile by Number Answered
Your Score History
You have not taken this quiz since the last reset